000 00681nam a2200241 a 4500
001 adlib96000001
003 ViArRB
005 200902210153555.7
008 960221s1955 dcuabcdjdbkoqu001 0deng d
020 _a
022 _a
040 _aAdlib
082 _a
245 _aTunees of Divinety: Sankirtana Laksanamu : A Treatise on Hymnody in Telugu
250 _a
260 _aMadras
_bInstitute of Asian Studies
_c1990
300 _alix, 374 p.
_c
500 _a
100 _aTirumalacarya, Tallapak Cina
_e
700 _a
_a
942 _cBK
952 _w2010-06-16
_pG0004812
_r2010-06-16
_40
_00
_bUL
_10
_o291.218=948 TIR
_d2010-06-16
_70
_yBK
_aUL
999 _c23346
_d23345